000 00799 a2200205 4500
005 20080925140737.0
008 080925t xxu||||| |||| 00| 0 eng d
010 _aENG-87915
020 _a8189557882
_c695.00
035 _aEN-71448
037 _bDBAD / PUB
082 _a333.9511
100 _aDevis, M.
245 _aBiodiversity and environmental conservation/
_cby M. Devis
260 _aNew Delhi
_bArise Publishers & Distributors
_c2007
270 _a4648/1, 21, Ansari Road, Darya Ganj,
_bNew Delhi
_e110 002
300 _av, 304p.
_c22cm. (Hb)
942 _adpl
_cEN
_k333.9511 / DEV
_2ddc
_h333.9511
_mDEV
999 _c7386
_d7386